NYC Neighborhoods and Subways Quiz Stats

 Plays Quiz not verified by Sporcle

Challenge
Share
Tweet
Embed
Score 0/40 Timer 13:00
0 Plays Today
Neighborhood Subway Line % Correct
Bay Ridge, BrooklynR
66.9%
Flushing, Queens7
54.8%
Canarsie, BrooklynL
47.7%
Astoria, QueensN W
42.9%
Inwood, Manhattan1 A
42.3%
East Harlem, Manhattan4 5 6
41.1%
Greenpoint, BrooklynG
39%
Eastchester, Bronx5
37.2%
Pelham Bay, Bronx6
36.8%
Upper East Side, Manhattan4 5 6
36.1%
Howard Beach, QueensA
35.4%
Roosevelt Island, ManhattanF
35.4%
Morningside Heights, Manhattan1
34.2%
Castle Hill, Bronx6
33.8%
Far Rockaway, QueensA S
29.7%
Brighton Beach, BrooklynB Q
29.5%
Woodlawn, Bronx4
28.1%
Riverdale, Bronx1
27.2%
Sunnyside, Queens7
24.9%
Ozone Park, QueensA
24.7%
Neighborhood Subway Line % Correct
Bedford Park, Bronx4 B D
23.7%
Fordham, BronxB D
22.8%
Middle Village, QueensM
22.8%
Kew Gardens, QueensE F
20.8%
Rockaway Park, QueensA S
18.3%
Wakefield, Bronx2 5
18.3%
Grand Concourse, Bronx4 B D
17.3%
Morris Heights, Bronx4
16.9%
Mott Haven, Bronx6
16.9%
Bedford-Stuyvesant, BrooklynA C G
12.8%
Kensington, BrooklynF G
12.6%
Kingsbridge, Bronx1
12.5%
Clinton Hill, BrooklynA C G
12.3%
Hunts Point, Bronx2 5 6
11%
Fort Greene, BrooklynA C G
10.7%
Windsor Terrace, BrooklynF G
10.1%
Melrose, Bronx2 5
8.5%
Ridgewood, QueensL M
8%
Prospect-Lefferts Gardens, BrooklynB Q S
6.2%
Manhattanville, Manhattan1,A,C
5%

You're not logged in!

Compare scores with friends on all Sporcle quizzes.
Join for Free
OR
Log In

You Might Also Like...

Show Comments

Extras

Top Quizzes Today


Score Distribution

Your Account Isn't Verified!

In order to create a playlist on Sporcle, you need to verify the email address you used during registration. Go to your Sporcle Settings to finish the process.

Report this User

Report this user for behavior that violates our Community Guidelines.

Details: